000
00338nam a2200145Ia 4500
100
_a
AICTE
942
_c
BK
654
_a
Computers
245
_a
Exploring the Internet C-NO :600
260
_b
Continuing Education Programmer AICTE
_a
Bangalore
_c
1996
082
_a
5.71
_b
AICTE
300
_a
30
546
_a
ENGLISH
999
_c
33308
_d
33308